000
00274nam a22001337a 4500
008
171024b xxu||||| |||| 00| 0 eng d
020
_a
0155837729
041
_a
eng
080
_a
311
100
_a
55
101
_a
STA
245
_a
STATISTICS
_c
LAPIN,L
942
_2
udc
_c
BK
999
_c
35657
_d
35657